Catálogo de pintura colonial en Chile: obras en monasterios de religiosas de antigua fundación
Zapisane w:
| Główni autorzy: | , , |
|---|---|
| Kolejni autorzy: | |
| Format: | Książka |
| Język: | hiszpański |
| Wydane: |
Santiago
Universidad Católica de Chile
1987
|
| Hasła przedmiotowe: | |
| Etykiety: |
Dodaj etykietę
Nie ma etykietki, Dołącz pierwszą etykiete!
|
MARC
| LEADER | 00000nam a2200000 a 4500 | ||
|---|---|---|---|
| 001 | UCX7514 | ||
| 003 | CL-VaPUC | ||
| 008 | 931213e19870000CL |||||||||||||||||spa|d | ||
| 082 | 0 | 4 | |a 759.983 |b MEB |2 21 |
| 100 | |a Mebold K., Luis |e autor |9 324378 | ||
| 700 | 0 | |a Cruz O., Isabel |e author |9 324379 | |
| 700 | |a Guarda Geywitz, Gabriel |e autor |9 570466 | ||
| 700 | 0 | |a Rodriguez Villegas, Hernan |e author |9 324381 | |
| 245 | 1 | 0 | |a Catálogo de pintura colonial en Chile: obras en monasterios de religiosas de antigua fundación |
| 300 | |a 387 p | ||
| 942 | |c BK | ||
| 945 | |d 19931213 00:00:00 |a nfarias | ||
| 260 | |a Santiago |b Universidad Católica de Chile |c 1987 | ||
| 500 | |a Monasterio de Clarisas de la antigua fundación -- Monasterio de Agustinas -- Convento del Carmen de San José -- Monasterio de Capuchinos de La Santisima Trinidad -- Monasterio de Trinitarias Descalzas Concepción -- Monasterio de Santa Rosa | ||
| 650 | 7 | |a PINTURA COLONIAL |2 CL-VaPUC |9 324382 | |
| 650 | 0 | |a Arte cristiano y simbolismo |9 265960 | |
| 651 | 7 | |a CHILE |2 CL-VaPUC |9 324383 | |
| 583 | |a last modification |c 19931213 00:00:00 |k Rodrigo Vera | ||
| 999 | |c 227318 |d 227316 | ||
| 952 | |0 0 |1 0 |4 0 |6 759_983000000000000_MEB_1987 |7 0 |8 X |9 226254 |a BIBHIS |b BIBHIS |d 2019-11-15 |i 2954044 |o 759.983 MEB 1987 |p 2954044 |r 2024-01-30 |w 2019-11-15 |y BK_X |k HIS | ||
| 952 | |0 0 |1 0 |4 0 |6 759_983000000000000_MEB_1987 |7 0 |8 F |9 226255 |a BIBART |b BIBART |d 2019-11-15 |i 4004523 |l 1 |o 759.983 MEB 1987 |p 4004523 |r 2025-03-13 |s 2022-08-26 |w 2019-11-15 |y BK_F |k ART | ||